[Event "PMPJ 2022 - C13"]
[Site "Jastrzebia Gora"]
[Date "2022.11.12"]
[Round "8.7"]
[White "Wasiluk, Mateusz"]
[Black "Rabenda, Piotr"]
[Result "1-0"]
[BlackElo "1381"]
[WhiteElo "1477"]
[LiveChessVersion "1.4.4"]

1. e4 {[%clk 1:30:59]} c5 {[%clk 1:30:56]} 2. Nf3 {[%clk 1:31:25]} Nc6
{[%clk 1:31:24]} 3. Bb5 {[%clk 1:31:49]} g6 {[%clk 1:31:49]} 4. Bxc6
{[%clk 1:32:15]} dxc6 {[%clk 1:32:15]} 5. d3 {[%clk 1:32:32]} Qc7
{[%clk 1:32:41]} 6. h3 {[%clk 1:32:42]} e5 {[%clk 1:33:06]} 7. Nc3
{[%clk 1:31:07]} Nf6 {[%clk 1:33:26]} 8. Be3 {[%clk 1:31:27]} Nh5
{[%clk 1:33:48]} 9. Qd2 {[%clk 1:23:49]} f6 10. O-O-O {[%clk 1:15:32]} Be6
{[%clk 1:26:24]} 11. g4 {[%clk 1:09:00]} Ng7 {[%clk 1:14:17]} 12. Nh4
{[%clk 0:51:25]} g5 {[%clk 1:03:22]} 13. Nf5 {[%clk 0:51:28]} O-O-O
{[%clk 0:55:39]} 14. h4 {[%clk 0:44:46]} gxh4 {[%clk 0:46:38]} 15. Rxh4
{[%clk 0:44:38]} Nxf5 {[%clk 0:44:48]} 16. gxf5 {[%clk 0:44:50]} Bf7
{[%clk 0:42:56]} 17. Bh6 {[%clk 0:30:42]} c4 {[%clk 0:32:25]} 18. Bxf8
{[%clk 0:28:15]} Rdxf8 {[%clk 0:32:13]} 19. dxc4 {[%clk 0:18:14]} Bxc4
{[%clk 0:29:15]} 20. b3 {[%clk 0:18:11]} Bf7 {[%clk 0:26:13]} 21. Rh6
{[%clk 0:15:47]} Rd8 {[%clk 0:20:34]} 22. Qe3 {[%clk 0:15:41]} Rxd1+
{[%clk 0:19:17]} 23. Nxd1 {[%clk 0:15:38]} Qd6 {[%clk 0:16:22]} 24. Qxa7
{[%clk 0:12:27]} Rd8 {[%clk 0:15:27]} 25. Qa8+ {[%clk 0:11:08]} Kc7
{[%clk 0:15:44]} 26. Qa5+ {[%clk 0:11:22]} Kc8 {[%clk 0:13:33]} 27. Ne3
{[%clk 0:07:31]} Bg8 {[%clk 0:09:50]} 28. Qc3 {[%clk 0:05:55]} Kb8
{[%clk 0:08:56]} 29. Kb2 {[%clk 0:05:56]} Qf8 {[%clk 0:08:28]} 30. Ng4
{[%clk 0:05:28]} Rd6 {[%clk 0:07:58]} 31. Qc5 {[%clk 0:05:07]} Kc7
{[%clk 0:08:04]} 32. Rh1 {[%clk 0:03:25]} Qg7 {[%clk 0:07:34]} 33. Ne3
{[%clk 0:03:08]} Qd7 {[%clk 0:06:57]} 34. Qa5+ {[%clk 0:03:19]} Kb8
{[%clk 0:07:11]} 35. Rg1 {[%clk 0:03:25]} Qe8 {[%clk 0:06:57]} 36. Rg7 Rd7 37.
Rxd7 {[%clk 0:02:21]} Qxd7 {[%clk 0:07:23]} 38. Qc5 {[%clk 0:02:38]} Qd8
{[%clk 0:07:30]} 39. Qc3 {[%clk 0:02:20]} h5 {[%clk 0:07:34]} 40. Ng2
{[%clk 0:02:36]} Bf7 {[%clk 0:07:42]} 41. Nh4 {[%clk 0:02:41]} Qe8
{[%clk 0:06:08]} 42. Qd3 {[%clk 0:02:56]} Qh8 {[%clk 0:06:11]} 43. Qd6+
{[%clk 0:03:11]} Kc8 {[%clk 0:05:26]} 44. Qe7 {[%clk 0:02:23]} Be8
{[%clk 0:05:45]} 45. Ng6 {[%clk 0:02:00]} Qg8 {[%clk 0:04:37]} 46. Qxf6
{[%clk 0:02:13]} Kb8 {[%clk 0:02:21]} 47. Qxe5+ {[%clk 0:02:36]} Ka8
{[%clk 0:02:31]} 48. Qa5+ {[%clk 0:02:58]} Kb8 {[%clk 0:02:57]} 49. Qe5+
{[%clk 0:03:23]} Ka8 {[%clk 0:03:16]} 50. Nh4 {[%clk 0:03:13]} Bf7
{[%clk 0:03:31]} 51. Qf4 {[%clk 0:03:06]} Qd8 {[%clk 0:03:26]} 52. Nf3
{[%clk 0:03:26]} Qb6 {[%clk 0:02:52]} 53. e5 {[%clk 0:03:25]} c5 {[%clk 0:02:39]}
54. Ng5 {[%clk 0:03:29]} Be8 {[%clk 0:02:53]} 55. f6 {[%clk 0:03:49]} c4
{[%clk 0:03:04]} 56. f7 {[%clk 0:03:47]} Bxf7 {[%clk 0:03:27]} 57. Nxf7
{[%clk 0:04:11]} cxb3 {[%clk 0:03:50]} 58. axb3 {[%clk 0:04:34]} Qc7
{[%clk 0:04:01]} 59. Nd6 {[%clk 0:04:50]} Qg7 {[%clk 0:04:16]} 60. Qf6
{[%clk 0:04:44]} Qg4 {[%clk 0:04:28]} 61. Nb5 {[%clk 0:04:36]} 1-0

[Event "PMPJ 2022 - C13"]
[Site "Jastrzebia Gora"]
[Date "2022.11.12"]
[Round "8.8"]
[White "Prokopiuk, Jakub"]
[Black "Baranowski, Jan"]
[Result "1-0"]
[BlackElo "1212"]
[WhiteElo "1651"]
[LiveChessVersion "1.4.4"]

1. e4 {[%clk 1:30:57]} e5 {[%clk 1:30:55]} 2. Nf3 {[%clk 1:31:21]} Nc6
{[%clk 1:31:21]} 3. Bc4 {[%clk 1:31:44]} Bc5 {[%clk 1:31:45]} 4. c3
{[%clk 1:32:03]} Nf6 {[%clk 1:31:55]} 5. d4 {[%clk 1:31:50]} exd4
{[%clk 1:31:59]} 6. b4 {[%clk 1:32:11]} Be7 {[%clk 1:31:36]} 7. e5
{[%clk 1:32:08]} Ne4 {[%clk 1:31:40]} 8. Bd3 {[%clk 1:31:59]} Nxc3
{[%clk 1:29:49]} 9. Nxc3 {[%clk 1:32:01]} Bxb4 {[%clk 1:28:02]} 10. O-O
{[%clk 1:21:49]} Bxc3 {[%clk 1:24:35]} 11. Rb1 {[%clk 1:22:05]} h6
{[%clk 1:17:45]} 12. Bf4 {[%clk 1:18:34]} O-O {[%clk 1:14:25]} 13. Qc1
{[%clk 1:16:43]} f5 {[%clk 1:00:27]} 14. Bxh6 {[%clk 1:10:48]} Qe7
{[%clk 0:43:34]} 15. Bc4+ {[%clk 1:09:42]} Kh7 {[%clk 0:38:20]} 16. Bg5
{[%clk 1:01:47]} Qc5 {[%clk 0:36:33]} 17. Bd3 {[%clk 0:58:13]} Nb4
{[%clk 0:13:04]} 18. Qf4 {[%clk 0:53:37]} Kg8 {[%clk 0:12:29]} 19. Bxf5
{[%clk 0:48:18]} d6 {[%clk 0:11:20]} 20. Bh7+ {[%clk 0:47:53]} Kxh7
{[%clk 0:10:28]} 21. Qxf8 {[%clk 0:48:02]} Nxa2 {[%clk 0:04:44]} 22. Bf6
{[%clk 0:44:37]} gxf6 {[%clk 0:04:51]} 23. Qf7+ {[%clk 0:44:57]} Kh8
{[%clk 0:04:37]} 24. exf6 {[%clk 0:45:09]} 1-0

[Event "PMPJ 2022 - C13"]
[Site "Jastrzebia Gora"]
[Date "2022.11.12"]
[Round "8.9"]
[White "Glaz, Michal"]
[Black "Krogulski, Maksymilian"]
[Result "1/2-1/2"]
[BlackElo "1515"]
[WhiteElo "1365"]
[LiveChessVersion "1.4.4"]

1. e4 {[%clk 1:30:58]} c5 {[%clk 1:30:30]} 2. Nf3 Nc6 3. d4 {[%clk 1:31:39]} cxd4
{[%clk 1:31:59]} 4. Nxd4 {[%clk 1:31:54]} Qb6 {[%clk 1:32:28]} 5. Nb3 Nf6 6. Nc3
{[%clk 1:32:26]} e6 {[%clk 1:33:25]} 7. Be3 {[%clk 1:32:17]} Qc7 8. a3 Be7 9. Be2
O-O 10. O-O a6 11. Qd2 b5 12. Rad1 d6 13. Rfe1 Bb7 14. Bf4 Rfd8 15. Nc5 Rac8 16.
Nxb7 Qxb7 17. Bf3 e5 18. Be3 Na5 19. Be2 Nc4 20. Bxc4 Rxc4 21. f3 Rdc8 22. Bg5
Qa7+ {[%clk 1:13:48]} 23. Kh1 {[%clk 0:20:30]} Ne8 {[%clk 1:06:10]} 24. Be3
{[%clk 0:16:45]} Qb7 {[%clk 1:02:07]} 25. Qd5 {[%clk 0:15:05]} Qc7
{[%clk 1:00:29]} 26. Qd2 {[%clk 0:11:03]} Nf6 {[%clk 0:57:45]} 27. Bg5
{[%clk 0:11:27]} Rc6 {[%clk 0:56:11]} 28. Bxf6 {[%clk 0:10:53]} Bxf6
{[%clk 0:56:40]} 29. Nd5 {[%clk 0:11:08]} Qd8 {[%clk 0:56:30]} 30. c3
{[%clk 0:10:50]} Bg5 {[%clk 0:53:52]} 31. Qd3 {[%clk 0:10:30]} Bh4
{[%clk 0:52:39]} 32. g3 {[%clk 0:07:02]} Be7 {[%clk 0:52:44]} 33. Nb4
{[%clk 0:07:06]} Rb6 {[%clk 0:50:25]} 34. Nd5 {[%clk 0:07:31]} Rbc6
{[%clk 0:49:36]} 35. Nb4 {[%clk 0:07:56]} Rb6 {[%clk 0:47:35]} 36. Nd5
{[%clk 0:08:09]} Rbc6 1/2-1/2

[Event "PMPJ 2022 - C13"]
[Site "Jastrzebia Gora"]
[Date "2022.11.12"]
[Round "8.10"]
[White "Chomicki, Kornel"]
[Black "Gawlik, Olivier"]
[Result "0-1"]
[BlackElo "1386"]
[WhiteElo "1313"]
[LiveChessVersion "1.4.4"]

1. e4 {[%clk 1:30:58]} c5 {[%clk 1:30:52]} 2. Nc3 {[%clk 1:31:21]} e6
{[%clk 1:31:18]} 3. g3 {[%clk 1:31:19]} Nc6 {[%clk 1:31:32]} 4. Bg2
{[%clk 1:31:41]} Nf6 {[%clk 1:31:55]} 5. d3 {[%clk 1:31:24]} Be7 {[%clk 1:30:23]}
6. f4 {[%clk 1:26:35]} d5 {[%clk 1:30:15]} 7. e5 {[%clk 1:24:27]} Ng8
{[%clk 1:30:06]} 8. Nf3 {[%clk 1:23:08]} h5 {[%clk 1:25:06]} 9. h3
{[%clk 1:17:06]} g6 {[%clk 1:24:16]} 10. O-O {[%clk 1:16:10]} Nh6
{[%clk 1:23:02]} 11. Ne2 {[%clk 1:02:02]} Qb6 {[%clk 1:17:14]} 12. Kh1
{[%clk 0:56:00]} Nf5 {[%clk 1:16:22]} 13. c3 {[%clk 0:50:45]} Bd7
{[%clk 1:12:22]} 14. Kg1 {[%clk 0:39:46]} c4+ {[%clk 1:02:53]} 15. d4
{[%clk 0:39:31]} a6 {[%clk 0:58:44]} 16. Qc2 {[%clk 0:33:50]} Qa5
{[%clk 0:58:19]} 17. Bd2 {[%clk 0:33:10]} b5 {[%clk 0:57:53]} 18. a3
{[%clk 0:32:06]} Qb6 {[%clk 0:57:51]} 19. g4 {[%clk 0:29:00]} Nh6
{[%clk 0:55:43]} 20. Nh2 {[%clk 0:28:45]} O-O-O {[%clk 0:44:30]} 21. Qc1
{[%clk 0:25:19]} Na5 {[%clk 0:42:55]} 22. Qc2 {[%clk 0:23:58]} Rdg8
{[%clk 0:38:25]} 23. g5 {[%clk 0:09:00]} Nf5 {[%clk 0:38:17]} 24. Kh1
{[%clk 0:08:45]} Kc7 {[%clk 0:37:13]} 25. Rfd1 {[%clk 0:08:38]} Ra8
{[%clk 0:32:35]} 26. Nf1 {[%clk 0:07:54]} Nb3 {[%clk 0:30:41]} 27. Ra2
{[%clk 0:06:52]} a5 {[%clk 0:29:42]} 28. Nc1 {[%clk 0:05:48]} b4 {[%clk 0:23:26]}
29. axb4 {[%clk 0:04:49]} axb4 {[%clk 0:22:58]} 30. Rxa8 Rxa8 31. Nxb3
{[%clk 0:05:12]} Ba4 {[%clk 0:23:19]} 32. Ra1 {[%clk 0:04:20]} Bxb3
{[%clk 0:21:45]} 33. Qc1 {[%clk 0:04:38]} Rxa1 {[%clk 0:20:40]} 34. Qxa1
{[%clk 0:05:02]} Kb7 {[%clk 0:20:28]} 35. Ne3 {[%clk 0:03:32]} Nxe3
{[%clk 0:18:42]} 36. Bxe3 {[%clk 0:03:58]} bxc3 {[%clk 0:19:02]} 37. bxc3
{[%clk 0:04:23]} Qa6 {[%clk 0:13:19]} 38. Qb2 {[%clk 0:01:52]} Qa2
{[%clk 0:09:44]} 39. Bc1 {[%clk 0:01:53]} Qxb2 {[%clk 0:09:20]} 40. Bxb2
{[%clk 0:02:18]} Ka6 {[%clk 0:09:47]} 41. Kg1 {[%clk 0:02:40]} Ka5
{[%clk 0:10:15]} 42. Kf2 {[%clk 0:02:48]} Ka4 {[%clk 0:10:32]} 43. Ke2
{[%clk 0:03:03]} Bc2 {[%clk 0:10:54]} 44. Kd2 {[%clk 0:03:03]} Kb3
{[%clk 0:11:06]} 45. Bc1 {[%clk 0:02:42]} Bd8 {[%clk 0:11:14]} 46. h4
{[%clk 0:02:34]} Ba5 {[%clk 0:11:38]} 47. Bf3 Bxc3+ 48. Ke3 Bb4 49. Be2
{[%clk 0:01:37]} Ka2 {[%clk 0:07:38]} 50. Bd2 {[%clk 0:01:36]} Bxd2+
{[%clk 0:07:53]} 51. Kxd2 {[%clk 0:02:03]} Kb2 {[%clk 0:08:17]} 52. Bf1
{[%clk 0:02:20]} c3+ {[%clk 0:08:26]} 53. Ke1 {[%clk 0:02:45]} Be4
{[%clk 0:08:30]} 54. Bb5 {[%clk 0:02:58]} c2 {[%clk 0:08:53]} 55. Be8 c1=Q+ 56.
Kf2 {[%clk 0:03:44]} Qd2+ {[%clk 0:09:33]} 57. Kf1 {[%clk 0:04:07]} Qg2+
{[%clk 0:09:53]} 58. Ke1 {[%clk 0:04:30]} Bd3 59. Bxf7 {[%clk 0:04:40]} Qe2#
{[%clk 0:10:37]} 0-1

[Event "PMPJ 2022 - C13"]
[Site "Jastrzebia Gora"]
[Date "2022.11.12"]
[Round "8.11"]
[White "Michalak, Leon"]
[Black "Protas, Jakub"]
[Result "0-1"]
[BlackElo "1124"]
[WhiteElo "1147"]
[LiveChessVersion "1.4.4"]

1. e4 {[%clk 1:30:53]} c5 {[%clk 1:30:55]} 2. Nf3 {[%clk 1:31:16]} g6
{[%clk 1:31:17]} 3. c3 {[%clk 1:31:35]} Bg7 {[%clk 1:30:28]} 4. d4
{[%clk 1:32:00]} cxd4 {[%clk 1:30:49]} 5. cxd4 {[%clk 1:32:25]} d6
{[%clk 1:30:43]} 6. Bb5+ {[%clk 1:32:38]} Bd7 {[%clk 1:30:57]} 7. Bxd7+
{[%clk 1:32:48]} Nxd7 {[%clk 1:31:20]} 8. O-O {[%clk 1:33:06]} Ngf6
{[%clk 1:31:38]} 9. Re1 {[%clk 1:33:20]} O-O {[%clk 1:31:35]} 10. Nc3
{[%clk 1:32:54]} e5 {[%clk 1:29:47]} 11. d5 {[%clk 1:27:29]} a6 {[%clk 1:28:21]}
12. a3 {[%clk 1:26:58]} Rc8 {[%clk 1:27:36]} 13. Bg5 {[%clk 1:26:54]} h6
{[%clk 1:27:53]} 14. Bd2 {[%clk 1:26:10]} b5 {[%clk 1:24:12]} 15. b4
{[%clk 1:25:25]} Nb6 {[%clk 1:23:58]} 16. Qb3 {[%clk 1:20:00]} Qd7
{[%clk 1:20:26]} 17. Be3 {[%clk 1:19:06]} Nc4 {[%clk 1:18:56]} 18. Nd2
{[%clk 1:19:16]} Nxe3 {[%clk 1:10:07]} 19. Rxe3 {[%clk 1:18:44]} Rc7
{[%clk 1:07:02]} 20. Qb2 {[%clk 1:18:45]} Rfc8 {[%clk 1:06:28]} 21. Rc1 h5 22. h3
Bh6 23. Ree1 Qe7 24. Na2 Nd7 25. Rxc7 Rxc7 26. Rc1 Nb6 27. Rxc7 Qxc7 28. Nb3
{[%clk 1:08:49]} Qc4 {[%clk 0:45:23]} 29. Nc3 {[%clk 1:06:41]} Na4
{[%clk 0:44:44]} 30. Nxa4 {[%clk 1:03:12]} bxa4 {[%clk 0:45:01]} 31. Nd2
{[%clk 1:02:40]} Qe2 {[%clk 0:45:05]} 0-1

[Event "PMPJ 2022 - C13"]
[Site "Jastrzebia Gora"]
[Date "2022.11.12"]
[Round "8.12"]
[White "Fil, Grzegorz"]
[Black "Jodlowski, Robert"]
[Result "1/2-1/2"]
[BlackElo "1302"]
[WhiteElo "1140"]
[LiveChessVersion "1.4.4"]

1. e4 d6 2. d4 Nf6 3. Nc3 g6 4. Nf3 Bg7 5. Bc4 Bg4 6. h3 Bxf3 7. Qxf3 Nbd7 8. Be3
c6 9. O-O b5 10. Bd3 Qc7 11. Rab1 a5 12. Qe2 O-O 13. f4 Rfb8 14. Qf2 a4 15. g4 b4
16. Ne2 c5 17. dxc5 Nxc5 18. Bxc5 Qxc5 19. Qxc5 dxc5 20. Ng3 b3 21. cxb3 axb3 22.
a3 Ra4 23. e5 Nd5 24. Be4 e6 25. g5 c4 26. Bxd5 exd5 27. Ne2 Bf8 28. Rfd1 Rd8 29.
Kg2 Ra5 30. Rbc1 Rc5 31. Rd2 Rcc8 32. Rcd1 Bxa3 33. bxa3 c3 34. Nxc3 Rxc3 35.
Rxd5 Rxd5 36. Rxd5 Rc2+ 37. Kg3 Ra2 38. Rb5 Rxa3 39. Rb8+ Kg7 40. Kg4 h6 41.
gxh6+ Kxh6 42. h4 Kh7 43. h5 Kh6 44. hxg6 Kxg6 45. Rg8+ Kh7 46. Rb8 Kh6 47. Kf5
Kg7 48. Kg5 Kh7 49. Kf6 Ra4 1/2-1/2

[Event "PMPJ 2022 - C13"]
[Site "Jastrzebia Gora"]
[Date "2022.11.12"]
[Round "8.13"]
[White "Krasniewski, Grzegorz"]
[Black "Budzen, Wojciech"]
[Result "0-1"]
[BlackElo "1230"]
[WhiteElo "1129"]
[LiveChessVersion "1.4.4"]

1. e4 c5 2. Nf3 d6 3. d4 cxd4 4. Nxd4 Nf6 5. Nc3 a6 6. Bg5 e6 7. f4 Be7 8. Qf3
Qc7 9. O-O-O b5 10. Bd3 Bb7 11. Rhe1 Nbd7 12. Qh3 Rc8 13. Nxe6 fxe6 14. Qxe6 Nc5
15. Qh3 b4 16. e5 Nxd3+ 17. Qxd3 dxe5 18. fxe5 Nd5 19. Nxd5 Bxg5+ 20. Ne3 O-O 21.
Kb1 Qxe5 22. Nd5 Qxd5 23. Qxd5+ Bxd5 24. Rxd5 Rfe8 25. Red1 Red8 26. Rxd8+ Rxd8
27. Rxd8+ Bxd8 28. c3 bxc3 29. bxc3 Kf7 30. Kc2 Ke6 31. Kd3 Kd5 32. a4 Kc5 33. g4
h6 34. h3 Bf6 35. c4 Ba1 36. Kc2 Kxc4 37. Kb1 Bf6 38. Ka2 Kb4 0-1

[Event "PMPJ 2022 - C13"]
[Site "Jastrzebia Gora"]
[Date "2022.11.12"]
[Round "8.14"]
[White "Kuczmik, Adam"]
[Black "Wiecek, Dominik"]
[Result "1/2-1/2"]
[BlackElo "1077"]
[WhiteElo "1105"]
[LiveChessVersion "1.4.4"]

1. e4 e5 2. Nf3 Nc6 3. Bc4 Nf6 4. Ng5 d5 5. exd5 Na5 6. Bb5+ c6 7. dxc6 bxc6 8.
Qf3 Be7 9. a3 Bg4 10. Bxc6+ Nxc6 11. Qxc6+ Bd7 12. Qc4 O-O 13. O-O Rc8 14. Qe2
Ng4 15. Nf3 Bd6 16. h3 Nh6 17. d3 Nf5 18. Nc3 Re8 19. Qd1 Nh4 20. Nxh4 Qxh4 21.
Ne4 Be7 22. f4 Bc6 23. Qe1 Qxe1 24. Rxe1 Bxe4 25. Rxe4 Rxc2 26. fxe5 Bc5+ 27. Kh1
Rd8 28. Be3 Rxd3 29. Bxc5 Rxc5 30. Rae1 Rd8 31. Ra4 a5 32. b4 axb4 33. axb4 Rb5
34. Rb1 Rxe5 35. b5 Ree8 36. b6 g6 37. Kg1 Kg7 38. Kf2 1/2-1/2

[Event "PMPJ 2022 - C13"]
[Site "Jastrzebia Gora"]
[Date "2022.11.12"]
[Round "8.15"]
[White "Raszkiewicz, Wiktor"]
[Black "Kryston, Aleksander"]
[Result "0-1"]
[BlackElo "1323"]
[WhiteElo "1221"]
[LiveChessVersion "1.4.4"]

1. d4 Nf6 2. Bg5 g6 3. c3 Bg7 4. Nf3 d6 5. Nbd2 O-O 6. e4 Re8 7. Bd3 e5 8. d5 c6
9. c4 c5 10. g3 Nbd7 11. b4 a5 12. bxc5 Nxc5 13. Qc2 Bd7 14. O-O Ba4 15. Qc3 h6
16. Bxf6 Bxf6 17. Bc2 Bxc2 18. Qxc2 b6 19. Nb3 Qc7 20. Nxc5 Qxc5 21. a4 Rec8 22.
Nd2 Bg5 23. Rfc1 Qb4 24. Rd1 Bxd2 25. Qxd2 Qxd2 26. Rxd2 Rxc4 27. f3 Kf8 28. Kf2
Ke7 29. Rb1 Rxa4 30. Rxb6 Ra1 31. Rb7+ Kf8 32. Rc2 a4 33. Rcc7 f5 34. Rf7+ Kg8
35. Rg7+ Kh8 36. Rh7+ Kg8 37. Rbg7+ Kf8 38. Rc7 Kg8 39. Rxh6 a3 40. Rxg6+ Kh8 41.
Rgg7 a2 42. Ra7 Rf1+ 43. Kxf1 a1=Q+ 44. Rxa1 Rxa1+ 0-1

[Event "PMPJ 2022 - C13"]
[Site "Jastrzebia Gora"]
[Date "2022.11.12"]
[Round "8.16"]
[White "Nagly, Krzysztof"]
[Black "Kwiatkowski, Michal"]
[Result "1/2-1/2"]
[BlackElo "1198"]
[WhiteElo "1306"]
[LiveChessVersion "1.4.4"]

1. e4 c5 2. Nf3 d6 3. Bb5+ Bd7 4. Bxd7+ Nxd7 5. d4 cxd4 6. Qxd4 Ngf6 7. c4 g6 8.
O-O Bg7 9. Re1 O-O 10. Nc3 Ng4 11. Qd3 Nge5 12. Nxe5 Nxe5 13. Qe2 Rc8 14. Be3 a6
15. Rac1 Rxc4 16. Nd5 Rxc1 17. Rxc1 Nc6 18. b4 e6 19. Bb6 Qd7 20. Ne3 Rc8 21. a3
Ne5 22. Qd2 Rxc1+ 23. Qxc1 Qc6 24. Qxc6 Nxc6 25. Kf1 Bb2 26. Nc4 Be5 27. Bc7 b5
28. Nxe5 Nxe5 29. Bxd6 Nc4 30. Be7 f5 1/2-1/2

[Event "PMPJ 2022 - C13"]
[Site "Jastrzebia Gora"]
[Date "2022.11.12"]
[Round "8.17"]
[White "Jasion, Wiktor"]
[Black "Warchol, Wiktor"]
[Result "0-1"]
[BlackElo "1254"]
[WhiteElo "1180"]
[LiveChessVersion "1.4.4"]

1. e4 c5 2. Nf3 Nc6 3. c3 g6 4. d4 cxd4 5. cxd4 Bg7 6. Nc3 d6 7. Be2 Nf6 8. O-O
O-O 9. h3 Bd7 10. Be3 a6 11. Nh2 e5 12. d5 Ne7 13. Kh1 Ne8 14. f4 f5 15. fxe5
Bxe5 16. exf5 Nxf5 17. Bf2 Qg5 18. Qd3 Neg7 19. Ne4 Qe7 20. g4 Bxh2 21. gxf5 Bxf5
22. Bf3 Be5 23. Rab1 Bxh3 24. Rg1 Bf5 25. Qe3 Bxe4 26. Qxe4 Rf4 27. Qe2 Raf8 28.
Rg3 Qh4+ 29. Kg2 Rxf3 0-1

[Event "PMPJ 2022 - C13"]
[Site "Jastrzebia Gora"]
[Date "2022.11.12"]
[Round "9.1"]
[White "Bochniak, Franciszek"]
[Black "Klim, Juliusz"]
[Result "1-0"]
[BlackElo "1485"]
[WhiteElo "1839"]
[LiveChessVersion "1.4.4"]

1. d4 {[%clk 1:30:58]} d5 {[%clk 1:30:59]} 2. c4 {[%clk 1:31:27]} e6
{[%clk 1:31:24]} 3. Nc3 {[%clk 1:31:48]} a6 {[%clk 1:31:54]} 4. cxd5
{[%clk 1:32:08]} exd5 {[%clk 1:32:23]} 5. g3 {[%clk 1:32:37]} Nf6
{[%clk 1:32:23]} 6. Bg2 {[%clk 1:32:56]} Be6 {[%clk 1:32:04]} 7. Nh3
{[%clk 1:33:00]} Bd6 {[%clk 1:31:28]} 8. O-O {[%clk 1:31:56]} O-O
{[%clk 1:31:18]} 9. Ng5 {[%clk 1:29:20]} c6 {[%clk 1:29:31]} 10. f3
{[%clk 1:23:48]} h6 {[%clk 1:21:49]} 11. Nxe6 {[%clk 1:20:08]} fxe6
{[%clk 1:22:09]} 12. e4 {[%clk 1:20:15]} dxe4 {[%clk 1:21:34]} 13. fxe4
{[%clk 1:19:19]} e5 {[%clk 1:20:31]} 14. Be3 {[%clk 1:15:13]} Kh7
{[%clk 1:15:45]} 15. Qe2 {[%clk 1:08:02]} Nbd7 {[%clk 1:13:40]} 16. Rad1
{[%clk 1:02:32]} Qe7 {[%clk 1:08:03]} 17. d5 {[%clk 1:01:40]} Rac8
{[%clk 1:03:30]} 18. h4 {[%clk 0:55:10]} Bc5 {[%clk 0:58:42]} 19. Kh1
{[%clk 0:50:27]} Bxe3 {[%clk 0:57:09]} 20. Qxe3 {[%clk 0:50:46]} c5
{[%clk 0:53:51]} 21. Bh3 {[%clk 0:47:26]} Qd6 {[%clk 0:47:03]} 22. Be6
{[%clk 0:43:41]} h5 {[%clk 0:44:24]} 23. Qg5 {[%clk 0:41:57]} g6 {[%clk 0:42:38]}
24. Rf2 {[%clk 0:37:35]} b5 {[%clk 0:38:31]} 25. Rdf1 {[%clk 0:33:32]} b4
{[%clk 0:33:38]} 26. Ne2 {[%clk 0:33:23]} Kg7 {[%clk 0:28:08]} 27. g4
{[%clk 0:32:58]} hxg4 {[%clk 0:15:01]} 28. h5 {[%clk 0:33:15]} Ng8
{[%clk 0:14:40]} 29. Rf7+ {[%clk 0:33:18]} 1-0

[Event "PMPJ 2022 - C13"]
[Site "Jastrzebia Gora"]
[Date "2022.11.12"]
[Round "9.2"]
[White "Terkiewicz, Bruno"]
[Black "Zielonka, Adam"]
[Result "1/2-1/2"]
[BlackElo "2058"]
[WhiteElo "1839"]
[LiveChessVersion "1.4.4"]

1. d4 {[%clk 1:30:59]} Nf6 {[%clk 1:30:54]} 2. c4 {[%clk 1:31:27]} e6
{[%clk 1:31:19]} 3. Nf3 {[%clk 1:31:54]} Bb4+ {[%clk 1:31:46]} 4. Bd2
{[%clk 1:32:19]} Qe7 {[%clk 1:32:04]} 5. e3 {[%clk 1:32:43]} Bxd2+
{[%clk 1:31:55]} 6. Qxd2 {[%clk 1:33:04]} d6 {[%clk 1:31:39]} 7. Nc3
{[%clk 1:32:01]} O-O {[%clk 1:31:53]} 8. Bd3 {[%clk 1:32:27]} e5 {[%clk 1:31:37]}
9. Bc2 {[%clk 1:32:50]} exd4 {[%clk 1:30:35]} 10. Nxd4 {[%clk 1:32:51]} Nc6
{[%clk 1:23:37]} 11. O-O {[%clk 1:32:19]} Be6 {[%clk 1:20:04]} 12. b3
{[%clk 1:32:14]} Nxd4 {[%clk 1:15:17]} 13. Qxd4 {[%clk 1:32:36]} Bd7
{[%clk 1:09:26]} 14. Nd5 {[%clk 1:21:57]} Nxd5 {[%clk 1:09:33]} 15. cxd5
{[%clk 1:22:21]} a6 {[%clk 1:01:04]} 16. Rac1 {[%clk 1:21:40]} Rfe8
{[%clk 0:58:48]} 17. Bb1 {[%clk 1:21:05]} c5 {[%clk 0:58:58]} 18. dxc6
{[%clk 1:21:01]} Bxc6 {[%clk 0:59:27]} 19. Qg4 {[%clk 1:13:02]} g6
{[%clk 0:57:42]} 20. Rfd1 {[%clk 1:13:08]} Rad8 {[%clk 0:57:52]} 21. Rd4
{[%clk 1:13:09]} Qe6 {[%clk 0:54:11]} 22. Qg3 {[%clk 1:10:16]} Qe5
{[%clk 0:50:17]} 23. Rcd1 {[%clk 1:09:52]} Qxg3 {[%clk 0:50:11]} 24. hxg3
{[%clk 1:09:20]} d5 {[%clk 0:45:34]} 25. g4 {[%clk 0:52:50]} Rc8 {[%clk 0:40:14]}
26. Kh2 {[%clk 0:50:04]} b6 {[%clk 0:36:09]} 27. Rb4 {[%clk 0:44:05]} Rb8
{[%clk 0:36:24]} 28. Bd3 {[%clk 0:43:54]} a5 {[%clk 0:36:41]} 29. Rd4
{[%clk 0:44:19]} Bb7 {[%clk 0:36:30]} 30. Be2 {[%clk 0:44:04]} Rbc8
{[%clk 0:35:40]} 31. Bf3 {[%clk 0:43:50]} Rc2 {[%clk 0:34:17]} 32. R1d2
{[%clk 0:44:11]} Rec8 {[%clk 0:34:01]} 33. Bxd5 {[%clk 0:42:35]} Rxd2
{[%clk 0:33:32]} 34. Rxd2 {[%clk 0:43:00]} Bxd5 {[%clk 0:34:00]} 35. Rxd5
{[%clk 0:43:23]} Rc2 {[%clk 0:34:25]} 1/2-1/2